000 00735nam a2200229Ia 4500
003 GCL
008 140319s9999 xx 000 0 ara d
040 _aGCL /
_cGCL
082 0 4 _a383.09
_bم ت
100 1 _aمحمد بن الهادى جمال
245 1 0 _aتاريخ الخدمات البريدية فى الكويت /
_cمحمد بن الهادى جمال
260 _a[S.N] :
_bمركز البحوث والدراسات الكويتية ،
_c1994
300 _a528 ص
490 _a
650 0 4 _aالكويت
650 0 4 _aالبريد
650 0 4 _aالبريد الجوى
650 0 4 _aطرود البريد
650 0 4 _aطوابع البريد
650 0 4 _aالحوالات البريدية
942 _2ddc
_cBK
999 _c58569
_d58569